000 00802nam a22002537a 4500
003 dpl
005 20180704180415.0
008 180608b xxu||||| |||| 00| 0 eng d
010 _aB-106365
020 _c275.00
_a8120321685
035 _aB-106365, B-106375, B-106367
037 _bCen Lib/Ret
040 _aDPL
_bEN
_c0
082 _a621.381
_bKRI
100 _aKrishnan, R.
_941913
245 _aElectric motor drives :
_cby R.Krishnan
_bmodeling, analysis, and control /
260 _aNew Delhi
_bPrentice Hall of India
_c2001
270 _aM-97, Connaught Circus
_bNew Delhi
_e110001
300 _axxviii,626p. :
_c24cm(pbk)
_bill.
500 _aIncludes index
650 _aElectric driving
_941914
650 _aMotor drives
_941915
942 _2ddc
_cEN
_h621.381
_mKRI
999 _c134836
_d134836